K-D-B-tree and its implementation /
Saved in:
| Main Author: | |
|---|---|
| Format: | Thesis Book |
| Language: | English |
| Published: |
1988
|
| Subjects: | |
| Tags: |
Add Tag
No Tags, Be the first to tag this record!
|
| LEADER | 01040cam a2200325 4500 | ||
|---|---|---|---|
| 001 | u84811 | ||
| 003 | SIRSI | ||
| 008 | 900220s1988 my mt 0 eng | ||
| 015 | |a X890081121 | ||
| 035 | |a AAJ-2205 | ||
| 040 | |a UMM | ||
| 043 | |a a-my--- | ||
| 050 | 1 | |a QA76.9 | |
| 090 | 0 | 0 | |a QA76.9 |b D35Tai |c f |
| 091 | 0 | 0 | |a Microfilm 2329 |
| 100 | 1 | 0 | |a Tai, Chiew Lan |
| 245 | 1 | 0 | |a K-D-B-tree and its implementation / |c Tai Chiew Lan |
| 260 | |c 1988 | ||
| 300 | |a 117, [47] leaves ; |c 30cm | ||
| 500 | |a Also available on microfilm. Kuala Lumpur : Perpustakaan Universiti Malaya, 1989. 1 reel : negative ; 35mm | ||
| 500 | |a Refer Microfilm 2326 | ||
| 502 | |a Dissertation (M.Sc.) - Fakulti Sains, Universiti Malaya, 1989 | ||
| 504 | 0 | 0 | |a Bibliography: leaves (1-5) |
| 650 | 0 | |a Data structures (Computer science) | |
| 650 | 0 | |a Database searching. | |
| 650 | 0 | |a Search theory | |
| 650 | 0 | |a Computer programs. | |
| 948 | |a 17/03/1991 |b 25/11/2000 | ||
| 596 | |a 1 | ||
| 999 | |a QA76.9 D3TAI |w LC |c 1 |i A010660154 |l STACKS |m P01UTAMA |r Y |s Y |t TESIS |u 22/1/1992 | ||
